<?xml version="1.0" encoding="UTF-8"?><?xml-stylesheet type="text/xsl" href="static/style.xsl"?><OAI-PMH xmlns="http://www.openarchives.org/OAI/2.0/" xmlns:xsi="http://www.w3.org/2001/XMLSchema-instance" xsi:schemaLocation="http://www.openarchives.org/OAI/2.0/ http://www.openarchives.org/OAI/2.0/OAI-PMH.xsd"><responseDate>2026-06-01T23:07:35Z</responseDate><request verb="GetRecord" identifier="oai:riuma.uma.es:10630/45625" metadataPrefix="marc">https://riuma.uma.es/rest/oai/request</request><GetRecord><record><header><identifier>oai:riuma.uma.es:10630/45625</identifier><datestamp>2026-02-21T00:45:35Z</datestamp><setSpec>com_10630_2254</setSpec><setSpec>col_10630_37953</setSpec></header><metadata><record xmlns="http://www.loc.gov/MARC21/slim" xmlns:dcterms="http://purl.org/dc/terms/" xmlns:doc="http://www.lyncode.com/xoai" xmlns:xsi="http://www.w3.org/2001/XMLSchema-instance" xsi:schemaLocation="http://www.loc.gov/MARC21/slim http://www.loc.gov/standards/marcxml/schema/MARC21slim.xsd">
   <leader>00925njm 22002777a 4500</leader>
   <datafield ind2=" " ind1=" " tag="042">
      <subfield code="a">dc</subfield>
   </datafield>
   <datafield ind2=" " ind1=" " tag="720">
      <subfield code="a">Lorente-Sánchez, Juan</subfield>
      <subfield code="e">author</subfield>
   </datafield>
   <datafield ind2=" " ind1=" " tag="260">
      <subfield code="c">2025-05-15</subfield>
   </datafield>
   <datafield ind2=" " ind1=" " tag="520">
      <subfield code="a">The present paper analyses the scribal errors and corrections in two treatises held in Glasgow University Library, MS Ferguson 7, which are, up until the present-day, the only known manuscript copies of the Early Modern English printed scientific compositions entitled The Secrets of Alexis of Piedmont and A Niewe Herball or Historie of Plants. The study aims to account for any variation between the pieces, as well as to evaluate the degree of scribal carefulness in carrying out an appropriate copying process. It thus endeavours to shed some new light on the likely value of the treatises and the intended purposes of their reproduction in the manuscript.</subfield>
   </datafield>
   <datafield ind1="8" ind2=" " tag="024">
      <subfield code="a">Lorente Sánchez, J. (2025). ‘AGAINST THE PAIN OF THE SLEPE SPLENE’: ERRORS AND CORRECTIONS IN THE MANUSCRIPT COPIES OF THE SECRETS OF ALEXIS OF PIEDMONT AND A NIEWE HERBALL OR HISTORIE OF PLANTS. ODISEA. Revista De Estudios Ingleses, 25, 81-102. https://doi.org/10.25115/odisea.vi25.9422</subfield>
   </datafield>
   <datafield ind1="8" ind2=" " tag="024">
      <subfield code="a">https://hdl.handle.net/10630/45625</subfield>
   </datafield>
   <datafield ind1="8" ind2=" " tag="024">
      <subfield code="a">10.25115/odisea.vi25.9422</subfield>
   </datafield>
   <datafield tag="653" ind2=" " ind1=" ">
      <subfield code="a">Lengua inglesa - Errores de uso</subfield>
   </datafield>
   <datafield ind2="0" ind1="0" tag="245">
      <subfield code="a">‘Against the pain of the slepe splene¨: errors and corrections in the manuscript copies of The Secrets of Alexis of Piedemont and a Niewe Herball or Historie of Plants</subfield>
   </datafield>
</record>
</metadata></record></GetRecord></OAI-PMH>